000
00283nam a22001337a 4500
008
170406b xxu||||| |||| 00| 0 eng d
020
_a
00285844
041
_a
eng
080
_2
18 ED
_a
575
100
_a
9
101
_a
SHM
245
_a
TROPICAL DISEASES
_c
BAHR.M
942
_2
udc
_c
BK
999
_c
9930
_d
9930